Statistics for Top 100 NFL Players of 2021

Click here to take the quiz!

General Stats

  • This quiz has been taken 153 times
  • The average score is 83 of 100

Answer Stats

#TeamPos.Player% Correct
1.KCQBPatrick Mahomes
100%
3.GBQBAaron Rodgers
99%
4.TENRBDerrick Henry
99%
7.TBQBTom Brady
99%
15.KCWRTyreek Hill
99%
20.MINRBDalvin Cook
98%
6.GBWRDavante Adams
98%
8.ARIWRDeAndre Hopkins
98%
31.SEASJamal Adams
98%
66.ARIDEJ.J. Watt
98%
10.BUFQBJosh Allen
98%
12.SEAQBRussell Wilson
98%
9.PITLBT.J. Watt
98%
5.KCTETravis Kelce
98%
2.LARDTAaron Donald
97%
30.GBRBAaron Jones
97%
18.HOUQBDeshaun Watson
97%
29.TENWRJulio Jones
97%
55.LACWRKeenan Allen
97%
26.CLERBNick Chubb
97%
14.NORBAlvin Kamara
96%
40.DENLBBradley Chubb
96%
34.KCDTChris Jones
96%
22.SEAWRDK Metcalf
96%
11.BUFWRStefon Diggs
96%
13.LARCBJalen Ramsey
95%
92.PHICJason Kelce
95%
56.*LACQBJustin Herbert
95%
50.SFTEGeorge Kittle
94%
39.ARIQBKyler Murray
94%
48.TBWRMike Evans
94%
77.SEASQuandre Diggs
94%
71.CLEQBBaker Mayfield
93%
25.SEALBBobby Wagner
93%
44.CARRBChristian McCaffrey
93%
53.*MINWRJustin Jefferson
93%
23.CHILBKhalil Mack
93%
24.BALQBLamar Jackson
93%
83.TENQBRyan Tannehill
93%
80.MINWRAdam Thielen
92%
62.TENWRA.J. Brown
92%
49.NECBJ.C. Jackson
92%
72.NOWRMichael Thomas
92%
16.CLEDEMyles Garrett
92%
32.LACDEJoey Bosa
91%
47.NECBStephon Gilmore
91%
68.LVRBJosh Jacobs
90%
76.SEAWRTyler Lockett
90%
58.KCSTyrann Mathieu
90%
81.TBWRChris Godwin
89%
35.LVTEDarren Waller
88%
94.CLEWRJarvis Landry
88%
28.TBLBDevin White
87%
95.BUFCBTre'Davious White
87%
87.CHIWRAllen Robinson
85%
52.PITSMinkah Fitzpatrick
85%
33.INDGQuenton Nelson
85%
17.MIACBXavien Howard
85%
19.ARISBudda Baker
84%
100.*JAXRBJames Robinson
84%
65.ATLWRCalvin Ridley
83%
91.NYJWRCorey Davis
83%
64.NOLBDemario Davis
83%
63.PHIDTFletcher Cox
83%
21.SFLBFred Warner
83%
46.NODECameron Jordan
82%
61.*WASDEChase Young
82%
41.GBCBJaire Alexander
81%
27.INDDTDeForest Buckner
79%
93.DETTET.J. Hockenson
79%
45.DENSJustin Simmons
78%
84.NYGDELeonard Williams
78%
42.SFTTrent Williams
78%
51.GBLBZa'Darius Smith
78%
78.TENDTJeffery Simmons
77%
38.BALCBMarlon Humphrey
77%
85.DALGZack Martin
76%
37.INDLBDarius Leonard
75%
96.BUFWRCole Beasley
73%
36.GBTDavid Bakhtiari
73%
57.PITDTCameron Heyward
71%
90.CINSJessie Bates
71%
43.TBLBLavonte David
71%
86.NOCBMarshon Lattimore
70%
88.TBLBShaquil Barrett
67%
74.NYGCBJames Bradberry
66%
70.MINLBEric Kendricks
62%
54.ATLDTGrady Jarrett
61%
75.HOUTLaremy Tunsil
60%
89.*TBTTristan Wirfs
60%
97.SFFBKyle Juszczyk
58%
59.TBLBJason Pierre-Paul
56%
60.LACCCorey Linsley
50%
73.CINDETrey Hendrickson
50%
98.WASGBrandon Scherff
49%
79.NOTTerron Armstead
46%
99.PHIDEBrandon Graham
45%
82.DENT
Garett Bolles
38%
67.LVLBK.J. Wright
34%
69.INDC
Ryan Kelly
33%

Score Distribution

Percentile by Number Answered

Percent of People with Each Score

Your Score History

You have not taken this quiz